[Event "Team Championship (men blitz)"]
[Site "Sochi"]
[Date "2017.10.05"]
[Round "14.13"]
[White "Alekseenko, Kirill"]
[Black "Sarana, Alexey"]
[Result "0-1"]
[LiveChessVersion "1.4.8"]
[BlackElo "2574"]
[WhiteElo "2586"]

1. e4 {[%clk 0:03:03]} e5 {[%clk 0:03:04]} 2. Nf3 {[%clk 0:03:04]} Nc6
{[%clk 0:03:05]} 3. Bb5 {[%clk 0:03:05]} a6 4. Ba4 Nf6 {[%clk 0:03:07]} 5. O-O
{[%clk 0:03:07]} Be7 {[%clk 0:03:08]} 6. Re1 {[%clk 0:03:08]} b5 {[%clk 0:03:09]}
7. Bb3 {[%clk 0:03:09]} O-O {[%clk 0:03:09]} 8. h3 {[%clk 0:03:10]} d6
{[%clk 0:03:10]} 9. c3 {[%clk 0:03:11]} Bb7 {[%clk 0:03:09]} 10. d4
{[%clk 0:03:09]} Re8 {[%clk 0:03:10]} 11. Nbd2 {[%clk 0:03:08]} Bf8
{[%clk 0:03:11]} 12. a3 {[%clk 0:02:52]} g6 {[%clk 0:03:10]} 13. Bc2
{[%clk 0:02:40]} Bg7 {[%clk 0:03:11]} 14. Nf1 {[%clk 0:02:40]} Na5
{[%clk 0:03:03]} 15. Ng3 {[%clk 0:02:39]} c5 {[%clk 0:02:58]} 16. d5
{[%clk 0:02:38]} Nc4 {[%clk 0:02:58]} 17. a4 {[%clk 0:02:33]} Nb6
{[%clk 0:02:55]} 18. b3 {[%clk 0:02:33]} bxa4 {[%clk 0:02:48]} 19. bxa4
{[%clk 0:02:33]} a5 {[%clk 0:02:50]} 20. Bd3 {[%clk 0:02:32]} c4 {[%clk 0:02:43]}
21. Bf1 {[%clk 0:02:27]} Nfd7 {[%clk 0:02:43]} 22. Be3 {[%clk 0:02:27]} Nc5
{[%clk 0:02:38]} 23. Bxc5 {[%clk 0:02:23]} dxc5 {[%clk 0:02:39]} 24. Nd2
{[%clk 0:02:24]} Ba6 {[%clk 0:02:37]} 25. Be2 {[%clk 0:02:06]} Rf8
{[%clk 0:02:27]} 26. Qc2 {[%clk 0:02:07]} Bh6 {[%clk 0:02:26]} 27. Ngf1
{[%clk 0:01:59]} f5 {[%clk 0:02:25]} 28. Rab1 {[%clk 0:01:43]} fxe4
{[%clk 0:02:00]} 29. Qxe4 {[%clk 0:01:37]} Nxa4 {[%clk 0:01:59]} 30. Bxc4
{[%clk 0:01:33]} Nxc3 {[%clk 0:01:56]} 31. Qxe5 {[%clk 0:01:32]} Nxb1
{[%clk 0:01:52]} 32. Rxb1 {[%clk 0:01:27]} Bxc4 {[%clk 0:01:43]} 33. Nxc4
{[%clk 0:01:28]} Qf6 {[%clk 0:01:44]} 34. Qe2 {[%clk 0:01:24]} a4
{[%clk 0:01:45]} 35. Rb6 {[%clk 0:01:23]} Qd4 {[%clk 0:01:45]} 36. Qe6+
{[%clk 0:00:44]} Kh8 {[%clk 0:01:46]} 37. Nfe3 {[%clk 0:00:45]} a3
{[%clk 0:01:44]} 38. Ng4 {[%clk 0:00:18]} a2 {[%clk 0:01:42]} 39. Nce5
{[%clk 0:00:12]} a1=Q+ {[%clk 0:01:41]} 40. Kh2 {[%clk 0:00:14]} Qf4+
{[%clk 0:01:36]} 41. g3 {[%clk 0:00:14]} Qxf2+ {[%clk 0:01:37]} 0-1

[Event "Team Championship (men blitz)"]
[Site "Sochi"]
[Date "2017.10.05"]
[Round "14.14"]
[White "Demidov, Mikhail"]
[Black "Alekseev, Evgeny"]
[Result "1/2-1/2"]
[LiveChessVersion "1.4.8"]
[BlackElo "2636"]
[WhiteElo "2555"]

1. d4 {[%clk 0:03:03]} Nf6 {[%clk 0:03:04]} 2. Nf3 {[%clk 0:03:04]} e6
{[%clk 0:03:05]} 3. c4 {[%clk 0:03:02]} d5 {[%clk 0:03:06]} 4. e3
{[%clk 0:03:02]} b6 {[%clk 0:03:03]} 5. Nc3 {[%clk 0:03:03]} Bb7 {[%clk 0:03:03]}
6. cxd5 {[%clk 0:02:51]} exd5 {[%clk 0:03:04]} 7. Qa4+ {[%clk 0:02:52]} c6
{[%clk 0:03:01]} 8. Bd3 {[%clk 0:02:53]} Bd6 {[%clk 0:02:56]} 9. O-O
{[%clk 0:02:52]} O-O {[%clk 0:02:51]} 10. e4 {[%clk 0:02:53]} dxe4
{[%clk 0:02:50]} 11. Nxe4 {[%clk 0:02:52]} Nxe4 12. Bxe4 {[%clk 0:02:53]} h6
{[%clk 0:02:44]} 13. Bd2 {[%clk 0:02:53]} b5 {[%clk 0:02:12]} 14. Qc2
{[%clk 0:02:47]} Nd7 {[%clk 0:02:13]} 15. Bxc6 {[%clk 0:02:48]} Rc8
{[%clk 0:02:08]} 16. d5 {[%clk 0:02:49]} Nf6 {[%clk 0:01:27]} 17. Qb3
{[%clk 0:02:11]} Bxc6 {[%clk 0:01:28]} 18. dxc6 {[%clk 0:02:12]} Rxc6
{[%clk 0:01:19]} 19. Qxb5 {[%clk 0:01:57]} Rb6 {[%clk 0:01:21]} 20. Qa4
{[%clk 0:01:49]} Rxb2 {[%clk 0:01:21]} 21. Qxa7 {[%clk 0:01:50]} Ng4
{[%clk 0:00:37]} 22. Bc3 {[%clk 0:01:29]} Qb6 {[%clk 0:00:17]} 23. Qxb6 Rxb6
{[%clk 0:00:18]} 24. Bd4 {[%clk 0:01:06]} Ra6 {[%clk 0:00:16]} 25. h3
{[%clk 0:00:59]} Nf6 {[%clk 0:00:17]} 26. Rfd1 {[%clk 0:00:56]} Ne4
{[%clk 0:00:13]} 27. Re1 {[%clk 0:00:53]} Nc5 {[%clk 0:00:12]} 28. Re2
{[%clk 0:00:42]} Rfa8 {[%clk 0:00:12]} 29. g3 {[%clk 0:00:40]} Ne6
{[%clk 0:00:11]} 30. Kg2 {[%clk 0:00:35]} Nxd4 {[%clk 0:00:11]} 31. Nxd4
{[%clk 0:00:36]} Ra4 {[%clk 0:00:11]} 32. Nb5 {[%clk 0:00:31]} Bf8
{[%clk 0:00:11]} 33. Nc7 {[%clk 0:00:19]} R8a7 {[%clk 0:00:11]} 34. Nd5
{[%clk 0:00:20]} g6 {[%clk 0:00:09]} 35. Rc2 {[%clk 0:00:19]} Bg7
{[%clk 0:00:08]} 1/2-1/2

[Event "Team Championship (men blitz)"]
[Site "Sochi"]
[Date "2017.10.05"]
[Round "14.15"]
[White "Levin, Evgeny A."]
[Black "Lugovskoy, Maxim"]
[Result "1/2-1/2"]
[LiveChessVersion "1.4.8"]
[BlackElo "2512"]
[WhiteElo "2546"]

1. d4 {[%clk 0:03:03]} d5 {[%clk 0:03:04]} 2. c4 {[%clk 0:03:04]} e6
{[%clk 0:03:05]} 3. Nc3 {[%clk 0:03:05]} a6 {[%clk 0:03:07]} 4. cxd5
{[%clk 0:02:58]} exd5 {[%clk 0:03:08]} 5. Bf4 {[%clk 0:02:56]} c6
{[%clk 0:03:09]} 6. e3 {[%clk 0:02:56]} Bd6 {[%clk 0:03:11]} 7. Bxd6
{[%clk 0:02:55]} Qxd6 {[%clk 0:03:12]} 8. Bd3 {[%clk 0:02:53]} Nf6
{[%clk 0:03:13]} 9. Nge2 {[%clk 0:02:47]} O-O {[%clk 0:03:13]} 10. O-O
{[%clk 0:02:43]} Re8 {[%clk 0:03:14]} 11. Qc2 {[%clk 0:02:40]} Nbd7
{[%clk 0:03:15]} 12. Rae1 {[%clk 0:02:37]} Nf8 {[%clk 0:03:16]} 13. Ng3
{[%clk 0:02:31]} Ng4 {[%clk 0:02:55]} 14. Qd2 {[%clk 0:01:48]} h5
{[%clk 0:02:50]} 15. f4 {[%clk 0:01:31]} h4 {[%clk 0:02:40]} 16. Nh1
{[%clk 0:01:28]} Nh6 {[%clk 0:02:25]} 17. Nf2 {[%clk 0:01:22]} Bf5
{[%clk 0:02:26]} 18. Re2 {[%clk 0:01:13]} Re7 {[%clk 0:02:23]} 19. Qc2
{[%clk 0:01:07]} Bxd3 {[%clk 0:02:20]} 20. Qxd3 {[%clk 0:01:04]} Rae8
{[%clk 0:02:21]} 21. Rfe1 {[%clk 0:01:03]} Qf6 {[%clk 0:02:19]} 22. g4
{[%clk 0:00:55]} hxg3 {[%clk 0:02:18]} 23. hxg3 {[%clk 0:00:56]} Nf5
{[%clk 0:02:16]} 24. e4 {[%clk 0:00:35]} dxe4 {[%clk 0:02:02]} 25. Rxe4
{[%clk 0:00:34]} Rxe4 {[%clk 0:01:48]} 26. Nfxe4 {[%clk 0:00:29]} Qd8
{[%clk 0:01:46]} 27. Kf2 {[%clk 0:00:24]} Ne6 {[%clk 0:01:32]} 28. Ng5
{[%clk 0:00:11]} Nxg5 {[%clk 0:00:54]} 29. Rxe8+ {[%clk 0:00:12]} Qxe8
{[%clk 0:00:56]} 30. Qxf5 {[%clk 0:00:13]} Ne6 {[%clk 0:00:56]} 31. d5
{[%clk 0:00:13]} cxd5 {[%clk 0:00:52]} 32. Qxd5 {[%clk 0:00:14]} Qc8
{[%clk 0:00:38]} 1/2-1/2

[Event "Team Championship (men blitz)"]
[Site "Sochi"]
[Date "2017.10.05"]
[Round "14.16"]
[White "Krylov, Mikhail"]
[Black "Usmanov, Vasily"]
[Result "1-0"]
[LiveChessVersion "1.4.8"]
[BlackElo "2441"]
[WhiteElo "2494"]

1. c4 {[%clk 0:03:03]} e6 {[%clk 0:03:03]} 2. Nf3 {[%clk 0:03:03]} d5
{[%clk 0:03:04]} 3. b3 {[%clk 0:02:55]} Nf6 {[%clk 0:03:01]} 4. Bb2
{[%clk 0:02:54]} Be7 {[%clk 0:03:02]} 5. g3 {[%clk 0:02:56]} O-O {[%clk 0:03:02]}
6. Bg2 {[%clk 0:02:57]} b6 {[%clk 0:02:50]} 7. O-O {[%clk 0:02:56]} Bb7
{[%clk 0:02:51]} 8. Qc2 {[%clk 0:02:46]} h6 {[%clk 0:02:51]} 9. d4
{[%clk 0:02:44]} Nbd7 {[%clk 0:02:36]} 10. cxd5 {[%clk 0:02:36]} exd5
{[%clk 0:02:23]} 11. Nc3 {[%clk 0:02:35]} a6 12. Rac1 Bd6 {[%clk 0:02:21]} 13.
Nh4 {[%clk 0:02:30]} g6 {[%clk 0:02:00]} 14. Nxg6 {[%clk 0:02:30]} fxg6
{[%clk 0:02:01]} 15. Qxg6+ {[%clk 0:02:31]} Kh8 {[%clk 0:02:02]} 16. Qxh6+
{[%clk 0:02:31]} Kg8 {[%clk 0:01:46]} 17. Qg5+ {[%clk 0:02:27]} Kh8
{[%clk 0:01:45]} 18. Nxd5 {[%clk 0:02:20]} Nxd5 {[%clk 0:01:37]} 19. Qh5+
{[%clk 0:02:21]} Kg7 {[%clk 0:01:37]} 20. Bxd5 {[%clk 0:02:21]} Bxd5
{[%clk 0:01:34]} 21. Qxd5 {[%clk 0:02:22]} Qf6 {[%clk 0:01:28]} 22. e4
{[%clk 0:02:12]} Qh6 {[%clk 0:00:43]} 23. e5 {[%clk 0:02:09]} Rf5 24. Qxa8 Rh5
{[%clk 0:00:35]} 25. Qg2 {[%clk 0:02:05]} Be7 {[%clk 0:00:21]} 26. Rxc7
{[%clk 0:02:04]} Qe6 {[%clk 0:00:19]} 27. d5 {[%clk 0:02:04]} Qf5
{[%clk 0:00:20]} 28. e6+ {[%clk 0:02:03]} Ne5 {[%clk 0:00:19]} 29. Rxe7+
{[%clk 0:02:02]} Kf8 {[%clk 0:00:21]} 30. Bxe5 {[%clk 0:01:45]} Kxe7
{[%clk 0:00:22]} 31. g4 {[%clk 0:01:45]} Qxe5 {[%clk 0:00:19]} 32. gxh5
{[%clk 0:01:46]} Qxh5 {[%clk 0:00:18]} 33. Qg7+ {[%clk 0:01:46]} Kd6
{[%clk 0:00:19]} 34. Qd7+ {[%clk 0:01:45]} Ke5 {[%clk 0:00:20]} 35. Re1+
{[%clk 0:01:42]} Kd4 {[%clk 0:00:19]} 36. Qg7+ {[%clk 0:01:43]} Kd3
{[%clk 0:00:15]} 37. e7 {[%clk 0:01:43]} Qe8 {[%clk 0:00:09]} 38. Re3+
{[%clk 0:01:43]} Kc2 {[%clk 0:00:08]} 39. Qc3+ {[%clk 0:01:44]} Kb1
{[%clk 0:00:09]} 40. Re1+ {[%clk 0:01:45]} Kxa2 {[%clk 0:00:10]} 41. Ra1#
{[%clk 0:01:46]} 1-0

[Event "Team Championship (men blitz)"]
[Site "Sochi"]
[Date "2017.10.05"]
[Round "14.17"]
[White "Rakhmanov, Aleksandr"]
[Black "Nazaretyan, Tigran"]
[Result "1-0"]
[LiveChessVersion "1.4.8"]
[BlackElo "2335"]
[WhiteElo "2600"]

1. c4 {[%clk 0:03:03]} e6 {[%clk 0:03:02]} 2. e4 {[%clk 0:03:03]} d5
{[%clk 0:03:02]} 3. exd5 {[%clk 0:03:04]} exd5 {[%clk 0:03:03]} 4. d4
{[%clk 0:03:05]} Nf6 {[%clk 0:02:57]} 5. Nc3 {[%clk 0:03:06]} Be7
{[%clk 0:02:55]} 6. Bd3 {[%clk 0:03:07]} O-O {[%clk 0:02:54]} 7. Nge2
{[%clk 0:03:07]} Nbd7 {[%clk 0:02:22]} 8. O-O {[%clk 0:03:04]} dxc4
{[%clk 0:02:22]} 9. Bxc4 {[%clk 0:03:05]} Nb6 {[%clk 0:02:22]} 10. Bb3
{[%clk 0:03:06]} Nbd5 {[%clk 0:02:15]} 11. Nf4 {[%clk 0:03:05]} c6
{[%clk 0:02:03]} 12. Re1 {[%clk 0:03:06]} Bd6 {[%clk 0:01:57]} 13. Ncxd5
{[%clk 0:02:35]} cxd5 {[%clk 0:01:47]} 14. h3 {[%clk 0:02:29]} Bc7
{[%clk 0:01:26]} 15. Qf3 {[%clk 0:02:03]} Qd6 {[%clk 0:01:12]} 16. g3
{[%clk 0:02:04]} Be6 {[%clk 0:01:10]} 17. Be3 {[%clk 0:01:43]} Rfe8
{[%clk 0:01:04]} 18. Rac1 {[%clk 0:01:42]} Rac8 {[%clk 0:01:02]} 19. Kh2
{[%clk 0:01:21]} Ba5 {[%clk 0:01:01]} 20. Red1 {[%clk 0:01:13]} Ne4
{[%clk 0:00:58]} 21. Rxc8 {[%clk 0:01:01]} Rxc8 {[%clk 0:00:58]} 22. Nxe6
{[%clk 0:00:58]} fxe6 {[%clk 0:00:51]} 23. Kg2 {[%clk 0:00:59]} Rf8
{[%clk 0:00:50]} 24. Qg4 {[%clk 0:00:57]} Nf6 {[%clk 0:00:43]} 25. Qe2
{[%clk 0:00:50]} Ne4 {[%clk 0:00:32]} 26. Qg4 {[%clk 0:00:41]} Nf6
{[%clk 0:00:31]} 27. Qf4 {[%clk 0:00:41]} Bc7 {[%clk 0:00:28]} 28. Qxd6
{[%clk 0:00:42]} Bxd6 {[%clk 0:00:29]} 29. Rc1 {[%clk 0:00:41]} Kf7
{[%clk 0:00:29]} 30. g4 {[%clk 0:00:36]} h6 {[%clk 0:00:30]} 31. Bc2
{[%clk 0:00:32]} g5 {[%clk 0:00:30]} 32. Bd3 {[%clk 0:00:29]} Ke7
{[%clk 0:00:31]} 33. Be2 {[%clk 0:00:16]} a6 {[%clk 0:00:31]} 34. h4
{[%clk 0:00:15]} Bf4 {[%clk 0:00:14]} 35. Bxf4 {[%clk 0:00:15]} gxf4
{[%clk 0:00:15]} 36. Rc7+ {[%clk 0:00:16]} Kd6 {[%clk 0:00:16]} 37. Rxb7
{[%clk 0:00:16]} Rg8 {[%clk 0:00:14]} 38. Rb6+ {[%clk 0:00:09]} Ke7
{[%clk 0:00:13]} 39. Rxa6 {[%clk 0:00:10]} Nxg4 {[%clk 0:00:14]} 40. Bxg4
{[%clk 0:00:11]} Rxg4+ {[%clk 0:00:15]} 41. Kf3 {[%clk 0:00:10]} Rxh4
{[%clk 0:00:17]} 42. b4 {[%clk 0:00:09]} Rh1 {[%clk 0:00:16]} 43. a4
{[%clk 0:00:08]} h5 {[%clk 0:00:09]} 44. a5 {[%clk 0:00:08]} h4 {[%clk 0:00:10]}
45. Kxf4 {[%clk 0:00:08]} Rd1 {[%clk 0:00:08]} 46. Ke3 {[%clk 0:00:09]} h3
{[%clk 0:00:08]} 47. Ra7+ {[%clk 0:00:10]} Kd6 {[%clk 0:00:10]} 48. Rh7
{[%clk 0:00:11]} Rb1 {[%clk 0:00:11]} 49. a6 {[%clk 0:00:08]} Rxb4
{[%clk 0:00:12]} 50. a7 {[%clk 0:00:04]} Ra4 {[%clk 0:00:13]} 51. Kf3
{[%clk 0:00:05]} Ra3+ {[%clk 0:00:13]} 52. Kg4 {[%clk 0:00:06]} Kc6
{[%clk 0:00:10]} 53. Kf4 {[%clk 0:00:06]} Kd6 {[%clk 0:00:11]} 54. f3
{[%clk 0:00:07]} h2 {[%clk 0:00:11]} 55. Rxh2 {[%clk 0:00:08]} Rxa7 56. Rb2
{[%clk 0:00:08]} Ra4 {[%clk 0:00:14]} 57. Rb6+ {[%clk 0:00:09]} Ke7
{[%clk 0:00:15]} 58. Ke5 {[%clk 0:00:10]} Ra3 {[%clk 0:00:15]} 59. Rxe6+
{[%clk 0:00:09]} Kf7 {[%clk 0:00:16]} 60. Rf6+ {[%clk 0:00:10]} Ke7
{[%clk 0:00:18]} 61. Rf5 {[%clk 0:00:11]} Ra5 {[%clk 0:00:17]} 62. f4
{[%clk 0:00:12]} Kd7 {[%clk 0:00:18]} 63. Rf7+ {[%clk 0:00:12]} Kc6
{[%clk 0:00:19]} 64. Rf6+ {[%clk 0:00:12]} Kc7 {[%clk 0:00:16]} 65. f5
{[%clk 0:00:12]} Rb5 {[%clk 0:00:15]} 66. Rd6 {[%clk 0:00:12]} Rb1
{[%clk 0:00:13]} 67. Rxd5 {[%clk 0:00:11]} Kc6 {[%clk 0:00:14]} 68. Rd6+
{[%clk 0:00:11]} Kc7 {[%clk 0:00:16]} 69. f6 {[%clk 0:00:10]} Re1+
{[%clk 0:00:17]} 70. Kd5 {[%clk 0:00:11]} Rf1 {[%clk 0:00:18]} 71. Ra6
{[%clk 0:00:10]} Kd7 {[%clk 0:00:19]} 72. Ra7+ Ke8 73. f7+ {[%clk 0:00:08]} Kf8
{[%clk 0:00:19]} 74. Rd7 {[%clk 0:00:08]} Rf6 {[%clk 0:00:16]} 75. Kc5
{[%clk 0:00:07]} Ra6 {[%clk 0:00:17]} 76. d5 Ra5+ 77. Kb6 {[%clk 0:00:09]} Ra1
{[%clk 0:00:19]} 78. Rb7 {[%clk 0:00:06]} Rd1 {[%clk 0:00:19]} 79. Kc6
{[%clk 0:00:07]} Rc1+ {[%clk 0:00:20]} 80. Kd7 {[%clk 0:00:05]} Kxf7
{[%clk 0:00:20]} 81. d6 {[%clk 0:00:06]} Kf6 {[%clk 0:00:21]} 82. Rb8
{[%clk 0:00:07]} Kf7 {[%clk 0:00:20]} 83. Kd8 {[%clk 0:00:07]} Rc2
{[%clk 0:00:17]} 84. d7 {[%clk 0:00:08]} Rc1 {[%clk 0:00:18]} 85. Rb3
{[%clk 0:00:08]} Ra1 {[%clk 0:00:07]} 86. Rf3+ {[%clk 0:00:08]} Ke6
{[%clk 0:00:08]} 87. Ke8 {[%clk 0:00:09]} Kd5 1-0

[Event "Team Championship (men blitz)"]
[Site "Sochi"]
[Date "2017.10.05"]
[Round "14.18"]
[White "Tenikashvili, Georgij"]
[Black "Rozum, Ivan"]
[Result "0-1"]
[LiveChessVersion "1.4.8"]
[BlackElo "2553"]
[WhiteElo "2158"]

1. d4 {[%clk 0:03:02]} Nf6 {[%clk 0:03:03]} 2. c4 {[%clk 0:03:03]} e6
{[%clk 0:03:04]} 3. Nf3 {[%clk 0:03:04]} b6 {[%clk 0:03:05]} 4. a3
{[%clk 0:03:05]} Ba6 {[%clk 0:03:06]} 5. Qc2 {[%clk 0:02:50]} Bb7
{[%clk 0:03:05]} 6. Nc3 {[%clk 0:02:49]} c5 {[%clk 0:03:06]} 7. dxc5
{[%clk 0:02:28]} Bxc5 {[%clk 0:03:07]} 8. b4 {[%clk 0:02:23]} Be7
{[%clk 0:03:06]} 9. e3 {[%clk 0:02:22]} d6 {[%clk 0:02:56]} 10. Be2
{[%clk 0:02:21]} Nbd7 {[%clk 0:02:57]} 11. O-O {[%clk 0:02:21]} a6
{[%clk 0:02:57]} 12. Bb2 {[%clk 0:02:21]} O-O {[%clk 0:02:56]} 13. Rac1
{[%clk 0:02:21]} Rc8 {[%clk 0:02:56]} 14. Rfd1 {[%clk 0:02:16]} Rc7
{[%clk 0:02:57]} 15. Qb3 {[%clk 0:01:58]} Qa8 {[%clk 0:02:56]} 16. Ne1
{[%clk 0:01:58]} Rfc8 {[%clk 0:02:56]} 17. h3 {[%clk 0:01:52]} h6
{[%clk 0:02:56]} 18. Na4 {[%clk 0:01:47]} Bc6 {[%clk 0:02:52]} 19. Bf3
{[%clk 0:01:43]} Bxf3 {[%clk 0:02:23]} 20. Nxf3 {[%clk 0:01:44]} Qb7
{[%clk 0:02:20]} 21. Nd4 {[%clk 0:01:34]} Ne5 {[%clk 0:02:19]} 22. c5
{[%clk 0:01:12]} bxc5 {[%clk 0:02:18]} 23. bxc5 {[%clk 0:01:11]} dxc5
{[%clk 0:01:40]} 24. Qxb7 {[%clk 0:01:07]} Rxb7 {[%clk 0:01:41]} 25. Ba1
{[%clk 0:00:18]} Ned7 {[%clk 0:01:31]} 26. Nf3 {[%clk 0:00:16]} Rb3
{[%clk 0:01:25]} 27. Rc3 {[%clk 0:00:15]} Rxc3 {[%clk 0:01:15]} 28. Bxc3
{[%clk 0:00:14]} Kf8 {[%clk 0:01:13]} 29. Rb1 {[%clk 0:00:13]} Nd5
{[%clk 0:01:11]} 30. Bd2 {[%clk 0:00:09]} Rb8 {[%clk 0:01:11]} 31. Rxb8+
{[%clk 0:00:08]} Nxb8 {[%clk 0:01:11]} 32. Ne5 {[%clk 0:00:08]} f6
{[%clk 0:01:03]} 33. Nc4 {[%clk 0:00:09]} Ke8 {[%clk 0:00:55]} 34. e4
{[%clk 0:00:10]} Nc7 {[%clk 0:00:54]} 35. Be3 {[%clk 0:00:09]} Nd7
{[%clk 0:00:55]} 36. Kf1 {[%clk 0:00:09]} Kd8 {[%clk 0:00:46]} 37. Na5
{[%clk 0:00:07]} Kc8 {[%clk 0:00:43]} 38. Ke2 {[%clk 0:00:09]} Nb5
{[%clk 0:00:44]} 39. Nc4 {[%clk 0:00:09]} e5 {[%clk 0:00:38]} 40. f4
{[%clk 0:00:09]} exf4 {[%clk 0:00:38]} 41. Bxf4 {[%clk 0:00:09]} Nf8
{[%clk 0:00:39]} 42. g4 {[%clk 0:00:08]} Ne6 {[%clk 0:00:39]} 43. Be3
{[%clk 0:00:09]} Kc7 {[%clk 0:00:40]} 44. Kd3 {[%clk 0:00:10]} Ned4
{[%clk 0:00:37]} 45. Nab6 {[%clk 0:00:09]} Kc6 {[%clk 0:00:34]} 46. Nd5
{[%clk 0:00:10]} Bf8 {[%clk 0:00:34]} 47. h4 {[%clk 0:00:11]} Nf3
{[%clk 0:00:34]} 48. g5 {[%clk 0:00:08]} fxg5 {[%clk 0:00:33]} 49. hxg5
{[%clk 0:00:09]} Nxg5 {[%clk 0:00:31]} 50. Bxg5 {[%clk 0:00:07]} hxg5
{[%clk 0:00:33]} 51. Ne5+ {[%clk 0:00:08]} Kb7 {[%clk 0:00:29]} 52. Ne3
{[%clk 0:00:08]} Bd6 {[%clk 0:00:27]} 53. Nf7 {[%clk 0:00:09]} Bf4
{[%clk 0:00:28]} 54. a4 {[%clk 0:00:09]} Nd6 {[%clk 0:00:26]} 55. Nd5
{[%clk 0:00:05]} Nxf7 {[%clk 0:00:26]} 0-1

[Event "Team Championship (men blitz)"]
[Site "Sochi"]
[Date "2017.10.05"]
[Round "14.19"]
[White "Moiseenko, Vadim"]
[Black "Basiev, Valeriy P."]
[Result "1-0"]
[LiveChessVersion "1.4.8"]
[BlackElo "2109"]
[WhiteElo "2497"]

1. e4 {[%clk 0:03:03]} c5 {[%clk 0:03:02]} 2. Nf3 {[%clk 0:03:04]} d6
{[%clk 0:03:03]} 3. d4 {[%clk 0:03:05]} cxd4 {[%clk 0:03:04]} 4. Nxd4
{[%clk 0:03:06]} Nf6 {[%clk 0:03:05]} 5. Nc3 {[%clk 0:03:08]} g6 {[%clk 0:03:06]}
6. Be3 {[%clk 0:03:09]} Bg7 {[%clk 0:03:06]} 7. f3 {[%clk 0:03:10]} O-O
{[%clk 0:03:03]} 8. Qd2 {[%clk 0:03:11]} Nc6 {[%clk 0:03:04]} 9. g4
{[%clk 0:03:07]} Nd7 {[%clk 0:02:53]} 10. O-O-O {[%clk 0:02:54]} Nde5
{[%clk 0:02:53]} 11. Be2 {[%clk 0:02:51]} Na5 {[%clk 0:02:53]} 12. b3
{[%clk 0:02:47]} a6 {[%clk 0:02:17]} 13. Bh6 {[%clk 0:02:41]} b5 {[%clk 0:02:03]}
14. h4 {[%clk 0:02:38]} f6 {[%clk 0:01:37]} 15. Bxg7 {[%clk 0:02:07]} Kxg7
{[%clk 0:01:38]} 16. f4 {[%clk 0:01:58]} Nec6 {[%clk 0:01:11]} 17. g5
{[%clk 0:01:51]} Nxd4 {[%clk 0:00:58]} 18. Qxd4 {[%clk 0:01:51]} Nc6
{[%clk 0:00:56]} 19. Qe3 {[%clk 0:01:42]} Bd7 {[%clk 0:00:57]} 20. h5
{[%clk 0:01:37]} fxg5 {[%clk 0:00:38]} 21. hxg6 {[%clk 0:01:38]} hxg6
{[%clk 0:00:33]} 22. f5 {[%clk 0:01:38]} Ne5 {[%clk 0:00:18]} 23. Qxg5
{[%clk 0:01:36]} Rh8 {[%clk 0:00:14]} 24. Rxh8 {[%clk 0:01:36]} Kxh8
{[%clk 0:00:14]} 25. Qh6+ {[%clk 0:01:34]} Kg8 {[%clk 0:00:15]} 26. fxg6
{[%clk 0:01:34]} 1-0

[Event "Team Championship (men blitz)"]
[Site "Sochi"]
[Date "2017.10.05"]
[Round "14.20"]
[White "Varnazov, Lev"]
[Black "Gogolev, Artem"]
[Result "0-1"]
[LiveChessVersion "1.4.8"]
[BlackElo "2330"]
[WhiteElo "2083"]

1. e4 {[%clk 0:03:03]} c5 {[%clk 0:03:03]} 2. Nf3 {[%clk 0:03:04]} Nf6
{[%clk 0:03:03]} 3. d3 {[%clk 0:02:57]} d6 {[%clk 0:02:50]} 4. g3
{[%clk 0:02:56]} b6 {[%clk 0:02:48]} 5. Bg2 {[%clk 0:02:57]} Bb7 {[%clk 0:02:49]}
6. O-O {[%clk 0:02:57]} e6 {[%clk 0:02:49]} 7. b3 {[%clk 0:02:50]} Be7
{[%clk 0:02:50]} 8. Bb2 {[%clk 0:02:51]} O-O {[%clk 0:02:50]} 9. Nbd2
{[%clk 0:02:52]} a6 {[%clk 0:02:48]} 10. e5 {[%clk 0:02:39]} dxe5
{[%clk 0:02:48]} 11. Nxe5 {[%clk 0:02:40]} Bxg2 {[%clk 0:02:47]} 12. Kxg2
{[%clk 0:02:40]} Qc7 {[%clk 0:02:25]} 13. Qf3 {[%clk 0:02:34]} Nbd7
{[%clk 0:02:25]} 14. Ndc4 {[%clk 0:02:19]} b5 {[%clk 0:02:11]} 15. Nxd7
{[%clk 0:02:17]} Nxd7 {[%clk 0:02:02]} 16. Ne3 {[%clk 0:02:12]} Bf6
{[%clk 0:01:57]} 17. Bxf6 {[%clk 0:02:06]} Nxf6 {[%clk 0:01:58]} 18. Rfe1
{[%clk 0:01:56]} Rfd8 {[%clk 0:01:46]} 19. Re2 {[%clk 0:01:40]} Rac8
{[%clk 0:01:43]} 20. Rae1 {[%clk 0:01:38]} Qc6 {[%clk 0:01:39]} 21. Qxc6
{[%clk 0:01:28]} Rxc6 22. Kf3 {[%clk 0:01:27]} Rd4 {[%clk 0:01:37]} 23. h3
{[%clk 0:01:20]} h6 {[%clk 0:01:34]} 24. Kg2 {[%clk 0:01:04]} g5 {[%clk 0:01:29]}
25. f3 {[%clk 0:01:00]} Kg7 {[%clk 0:01:29]} 26. Ng4 {[%clk 0:00:53]} Nxg4
{[%clk 0:01:30]} 27. hxg4 {[%clk 0:00:53]} c4 {[%clk 0:01:30]} 28. dxc4 bxc4
{[%clk 0:01:31]} 29. Kf2 {[%clk 0:00:46]} Rd5 {[%clk 0:01:17]} 30. Re5
{[%clk 0:00:34]} cxb3 {[%clk 0:01:18]} 31. Rxd5 {[%clk 0:00:29]} Rxc2+
{[%clk 0:01:13]} 32. Ke3 {[%clk 0:00:23]} exd5 {[%clk 0:01:12]} 33. axb3
{[%clk 0:00:24]} Rb2 {[%clk 0:01:12]} 34. Ra1 {[%clk 0:00:20]} Rxb3+
{[%clk 0:01:12]} 35. Kf2 {[%clk 0:00:19]} Rb6 {[%clk 0:01:11]} 36. Ra5
{[%clk 0:00:19]} Rd6 {[%clk 0:01:10]} 37. Ke3 {[%clk 0:00:20]} d4+
{[%clk 0:01:10]} 38. Kd3 {[%clk 0:00:22]} Kf6 {[%clk 0:01:01]} 39. f4
{[%clk 0:00:20]} Kg6 {[%clk 0:00:56]} 40. Rf5 {[%clk 0:00:18]} f6
{[%clk 0:00:47]} 41. Ra5 {[%clk 0:00:18]} Kf7 {[%clk 0:00:47]} 42. Rc5
{[%clk 0:00:14]} Ke6 {[%clk 0:00:44]} 43. f5+ {[%clk 0:00:13]} Kd7
{[%clk 0:00:45]} 44. Ra5 {[%clk 0:00:09]} Kc7 {[%clk 0:00:45]} 45. Ra1
{[%clk 0:00:07]} Kb6 {[%clk 0:00:33]} 46. Rb1+ {[%clk 0:00:08]} Ka7
{[%clk 0:00:32]} 47. Re1 {[%clk 0:00:09]} a5 {[%clk 0:00:30]} 48. Re7+
{[%clk 0:00:07]} Kb6 {[%clk 0:00:30]} 49. Re8 {[%clk 0:00:05]} Kb5
{[%clk 0:00:27]} 50. Rb8+ {[%clk 0:00:06]} Rb6 {[%clk 0:00:22]} 51. Rd8
{[%clk 0:00:07]} a4 {[%clk 0:00:22]} 52. Kxd4 {[%clk 0:00:06]} Kb4
{[%clk 0:00:22]} 53. Ra8 {[%clk 0:00:05]} a3 {[%clk 0:00:22]} 54. Kd3
{[%clk 0:00:06]} Kb3 {[%clk 0:00:23]} 55. Kd2 {[%clk 0:00:03]} Kb2
{[%clk 0:00:21]} 56. Ke1 0-1